LEADER 01256nam0 22003013i 450 001 VAN00294838 005 20250612101700.858 020 $aIT$b884243 100 $a20250612d1984 |0itac50 ba 101 $aita 102 $aIT 105 $a|||| ||||| 181 $ai$b e 182 $an 183 $anc 200 1 $aNotariato e documentazione in Terra di Bari$ericerche su forme, rogatari, credibilitā dei documenti latini nei secoli 9.-11. / Francesco Magistrale 210 $aBari$cGrafica Bigiemme$d1984 215 $aIII, 559 p., [13] c. di tav.$d28 cm 410 1$1001VAN00294840$12001 $aDocumenti e monografie$fSocietā di storia patria per la Puglia$1210 $aBari$cGrafica Bigiemme.$v48 620 $dBari$3VANL000009 700 1$aMagistrale$bFrancesco$3VANV250818$0187922 712 $aGrafica Bigiemme$3VANV243311$4650 801 $aIT$bSOL$c20250919$gRICA 899 $aBIBLIOTECA DEL DIPARTIMENTO DI LETTERE E BENI CULTURALI$1IT-CE0103$2VAN07 912 $aVAN00294838 950 $aBIBLIOTECA DEL DIPARTIMENTO DI LETTERE E BENI CULTURALI$d07CONS Vd 1338 $e07UBL4675 20250612 996 $aNotariato e documentazione in Terra di Bari$9304869 997 $aUNICAMPANIA